00597nam a2200193Ia 450000500170000000800410001702000170005808200130007510000230008824500560011126000610016730000120022865000180024065000110025865000150026994200060028495200980029099900150038820241202000426.0240331s9999 xx 000 0 und d a978951810221 bPONa891 aPonnaiyan, Neervai 0aDevils and Demons :b A collection of short stories aColombobCeylon Progressive Art & Literary Councilc2014 a95 p ., aShort Stories aSocial aLiterature cL 001040708LaWERCLbWERCLcSSCd2024-03-31l0o 891.48 PONp6844r2024-03-31w2024-03-31yL c5842d5842